[Event "Olomouc Chess Summer 2011 - Seniors Open"]
[Site "Olomouc (CZE), Hotel Sigma"]
[Date "2011.08.04"]
[Round "1.2"]
[White "Sejkora, Vlastimil"]
[Black "Divis, Jan"]
[Result "1-0"]
[WhiteElo "2212"]
[BlackElo "1846"]
[PlyCount "141"]
[EventDate "2011.08.04"]

1. e4 d5 2. exd5 Qxd5 3. Nc3 Qa5 4. d4 Nf6 5. h3 Bf5 6. Nf3 e6 7. Bd2 c6 8. Be2
Nbd7 9. a3 Qc7 10. O-O Bd6 11. Re1 O-O 12. b4 a6 13. Na4 Ne4 14. c4 Nxd2 15.
Qxd2 Bf4 16. Qc3 b5 17. Nb2 Nb6 18. Bf1 bxc4 19. Nxc4 Nxc4 20. Qxc4 a5 21. Nh4
axb4 22. Nxf5 exf5 23. axb4 Rxa1 24. Rxa1 Bh2+ 25. Kh1 Bd6 26. Ra6 Qe7 27. Rxc6
Bxb4 28. Kg1 g6 29. h4 Kg7 30. d5 Qe4 31. Qxe4 fxe4 32. Rc4 Bd6 33. Rxe4 h5 34.
g3 Rc8 35. Bc4 Kf8 36. Kf1 Re8 37. Rd4 Re5 38. Be2 Kg7 39. Bf3 Re8 40. Rc4 Kf8
41. Rc6 Rd8 42. Ra6 Kg7 43. Be2 Kf6 44. f4 Kg7 45. Bc4 Kf8 46. Bb5 Be7 47. Bc6
f6 48. Ke2 g5 49. f5 gxh4 50. gxh4 Bd6 51. Kf3 Rb8 52. Ba4 Rd8 53. Ra7 Be7 54.
Bd7 Rb8 55. Ra6 Rb3+ 56. Ke4 Rb4+ 57. Kd3 Rxh4 58. d6 Bxd6 59. Rxd6 Ke7 60. Rd5
Rh3+ 61. Ke4 Rh1 62. Be6 Re1+ 63. Kf3 Kf8 64. Rd7 h4 65. Rf7+ Ke8 66. Rxf6 Ke7
67. Rh6 Rf1+ 68. Kg2 Rf4 69. Kh3 Rf1 70. Kxh4 Rh1+ 71. Kg5 1-0

[Event "Olomouc Chess Summer 2011 - Seniors Open"]
[Site "Olomouc (CZE), Hotel Sigma"]
[Date "2011.08.04"]
[Round "1.4"]
[White "Zoltek, Tadeusz"]
[Black "Malinovsky, Leo"]
[Result "1-0"]
[WhiteElo "2163"]
[BlackElo "1818"]
[PlyCount "61"]
[EventDate "2011.08.04"]

1. c4 Nf6 2. Nf3 e6 3. Nc3 d5 4. d4 Bb4 5. Bg5 h6 6. Bxf6 Qxf6 7. e3 O-O 8. Qb3
Bxc3+ 9. bxc3 c6 10. Ne5 Rd8 11. f4 Nd7 12. Nf3 Qe7 13. Bd3 Nf6 14. O-O b6 15.
Ne5 Bb7 16. cxd5 Nxd5 17. e4 Nf6 18. f5 exf5 19. Rxf5 c5 20. Bc4 Bxe4 21. Bxf7+
Kh7 22. Bg6+ Kh8 23. Nf7+ Kg8 24. Nxh6+ Kh8 25. Nf7+ Kg8 26. Nxd8+ Kh8 27. Nf7+
Kg8 28. Ng5+ Kh8 29. Nxe4 Ng4 30. Rh5+ Nh6 31. Qf7 1-0